Getting the most out of your word processor : (Record no. 194780)
[ view plain ]
| 000 -LEADER | |
|---|---|
| fixed length control field | 01029 a2200205 4500 |
| 003 - CONTROL NUMBER IDENTIFIER | |
| control field | Nust |
| 005 - DATE AND TIME OF LATEST TRANSACTION | |
| control field | 20230321130506.0 |
| 010 ## - LIBRARY OF CONGRESS CONTROL NUMBER | |
| LC control number | 83003073 |
| 020 ## - INTERNATIONAL STANDARD BOOK NUMBER | |
| International Standard Book Number | 0133545482 (pbk.) : |
| 020 ## - INTERNATIONAL STANDARD BOOK NUMBER | |
| International Standard Book Number | 0133545555 (hard) |
| 040 ## - CATALOGING SOURCE | |
| Transcribing agency | Nust |
| 082 00 - DEWEY DECIMAL CLASSIFICATION NUMBER | |
| Classification number | 652,ROS |
| 100 1# - MAIN ENTRY--PERSONAL NAME | |
| Personal name | Rosen, Arnold |
| 9 (RLIN) | 110870 |
| 245 10 - TITLE STATEMENT | |
| Title | Getting the most out of your word processor : |
| Remainder of title | covers all of the functions,features and applications of these powerful office automation tools / |
| Statement of responsibility, etc. | Arnold Rosen. |
| 260 ## - PUBLICATION, DISTRIBUTION, ETC. | |
| Place of publication, distribution, etc. | Englewood Cliffs, N.J. : |
| Name of publisher, distributor, etc. | Prentice-Hall, |
| Date of publication, distribution, etc. | c1983. |
| 300 ## - PHYSICAL DESCRIPTION | |
| Extent | xvi, 200 p. : |
| Other physical details | ill. ; |
| Dimensions | 24 cm. |
| 505 ## - FORMATTED CONTENTS NOTE | |
| Formatted contents note | Introduction (Page-1), Basic Features and Functions (Page-23), Advanced Software Features (Page-37), General Applications (Page-51), Industry and Personal Applications (Page-67), Plugging into The Office of the Future (Page-87) Care Maintenance and Service (Page-119), Supplies and Accessories (Page-139), Ergonomics (Page-157), The Future (Page-181). |
| 650 #0 - SUBJECT ADDED ENTRY--TOPICAL TERM | |
| Topical term or geographic name entry element | Word processing |
| General subdivision | Equipment and supplies. |
| 9 (RLIN) | 110871 |
| 942 ## - ADDED ENTRY ELEMENTS (KOHA) | |
| Source of classification or shelving scheme | |
| Koha item type | Book |
| Withdrawn status | Lost status | Source of classification or shelving scheme | Damaged status | Not for loan | Permanent Location | Current Location | Shelving location | Date acquired | Full call number | Barcode | Date last seen | Price effective from | Koha item type | Public note |
|---|---|---|---|---|---|---|---|---|---|---|---|---|---|---|
| Military College of Signals (MCS) | Military College of Signals (MCS) | General Stacks | 12/12/2016 | 652,ROS | MCS3117 | 12/08/2016 | 12/12/2016 | Book | Almirah No.75, Shelf No.1 |
